Представление документа в формате RUSMARC

ПолеНазваниеЗначение
  Тип записи i
  Библиографический уровень c
001 Контрольный номер RU/IS/BASE/395510129
005 Дата корректировки 20250217161801.5
010 Индекс ISBN __
d Цена 168-15; 158-56
100 Данные общей обработки __
a Данные общей обработки 19170928d2011||||||| 0rusy0189 ca
101 Язык документа 1_
a Язык текста rus
c Язык оригинала eng
102 Страна публикации __
a Страна публикации ru
105 Кодированные данные (монография) __
a Кодированные данные (монография) |||||||||f|zy
127 Кодированные данные (звукозаписи-физические характеристики) __
a Продолжительность проигрывания 7 ч 07 мин
200 Заглавие и сведения об ответственности 1_
a Заглавие Конан-варвар
e Сведения, относящиеся к заглавию рассказы : аудиокнига
f Первые сведения об ответственности Роберт Говард ; читает Иван Литвинов ; [перевод с английского М. Успенского]
b Общее обозначение материала Звукозапись
210 Выходные данные 1_
a Место издания Москва
c Издательство АРДИС
d Дата издания 2011
215 Физическое описание __
a Объем 1 электрон. опт. диск (Audio CD)
c Иллюстрации/тип воспроизводства mp3, stereo
d Формат 12x14 см
225 Серия 2_
a Серия Фантастика и приключения
230 Специфическая характеристика материала: электронные ресурсы __
a Обозначение и объем ресурса Электронные звуковые данные
300 Общие примечания __
a Общие примечания Заглавие с этикетки диска
323 Примечание о главных создателях, исполнителях, участниках __
a Примечание о главных создателях, исполнителях, участниках Литвинов, И. (читает)
327 Примечание о содержании 0_
a Примечание о содержании Родится ведьма
327 Примечание о содержании 0_
a Примечание о содержании Гвозди с красными шляпками
327 Примечание о содержании 0_
a Примечание о содержании По ту сторону Черной реки
330 Аннотация __
a Аннотация Конан - знаменитый фантастический персонаж, герой книг, комиксов, кинофильмов и компьютерных игр. Его создатель - американский писатель Роберт Говард, один из родоначальников "фэнтези" и основатель столь популярного ныне жанра "меча и магии". ...Наёмные убийцы и пираты, жестокие битвы и кровавые схватки, колдовские чары, заговоры и заклинания, чародеи и демоны, чудовищные звери и свирепые драконы. И суровый воин, рождённый в снежных горах таинственной Киммерии, могучий варвар со стальными мышцами и обнажённым мечом в руке, бесстрашный непобедимый великан по имени Конан - искатель приключений и славы...
333 Примечание о целевом назначении __
a Примечание о целевом назначении 12+. Для детей старше 12 лет
337 Примечание о системных требованиях (электронные ресурсы) __
a Примечание о системных требованиях (электронные ресурсы) Системные требования: MS Windows ; Pentium 100 ; RAM 16 Mb; CD-ROM; SVGA 800x600 ; звуковая карта ; аудиосистемы с поддержкой MP3
517 Другие варианты заглавия 1_
a Другие варианты заглавия Родится ведьма
517 Другие варианты заглавия 1_
a Другие варианты заглавия Гвозди с красными шляпками
517 Другие варианты заглавия 1_
a Другие варианты заглавия По ту сторону Черной реки
606 Тематические рубрики __
a Основная рубрика Художественная литература
606 Тематические рубрики __
a Основная рубрика Литература Америки (произведения)
610 Ключевые слова 0_
a Ключевые слова американская литература
a Ключевые слова зарубежная литература
a Ключевые слова иностранная литература
a Ключевые слова рассказы
a Ключевые слова фантастические рассказы
a Ключевые слова фэнтези
a Ключевые слова фэнтези
686 Индексы других классификаций __
2 Код системы rubbks
a Классификационный индекс 84(7Сое)6-445я04
700 Автор _1
a Фамилия Говард
b Имя Р.
f Даты 1906-1936
g Полное личное имя Роберт
4 Код отношения 070
702 Вторичная интеллектуальная ответственность _1
a Фамилия Успенский
b Имя М.
4 Код отношения Переводчик
4 Код отношения 730
801 Источник записи _0
a Страна ru
b Организация Муниципальное бюджетное учреждение культуры "Централизованная библиотечная система" г. Сургут (Центральная городская библиотека им. А. С. Пушкина)
c Дата составления 20170928
g Правила каталогизации RCR
801 Источник записи _1
a Страна ru
b Организация Муниципальное бюджетное учреждение культуры "Централизованная библиотечная система" г. Сургут (Центральная городская библиотека им. А. С. Пушкина)
c Дата составления 20170928
g Правила каталогизации RCR
852 Данные о местонахождении __
j Шифр хранения 84(7Сое)6-445я04
i Авторский знак Г 57
901 Тип документа __
a Ответственный КиК/Лукашук
t Тип документа 0
903 Характеристики (МАРС) __
a Дата передачи 20170928; 20120713
969 Тип издания __
a Тип издания аудиокнига; издание для слепых; сборник
990 Данные о заказе (DOS) __
j Количество экземпляров (DOS) 6; 3
h N записи в КСУ для Б/У (DOS) 201207
t N записи в КСУ для И/У (DOS) 201710